000 00233nam a2200085Ia 4500
245 0 _aIn fusion
100 _a SAUVAGE, Shane Auckland Park, South Africa, 2009
_978065
942 _cBK
008 210819s9999 xx 000 0 und d
999 _c269073
_d269072